Nayarit ... destino para invertir / (Registro nro. 53900)
[ vista simple ]
| 000 -LEADER | |
|---|---|
| fixed length control field | 00945cam a2200253 i 4500 |
| 001 - CONTROL NUMBER | |
| control field | 53900 |
| 003 - CONTROL NUMBER IDENTIFIER | |
| control field | Mx-PuUPA |
| 005 - DATE AND TIME OF LATEST TRANSACTION | |
| control field | 20220722133153.0 |
| 008 - FIXED-LENGTH DATA ELEMENTS--GENERAL INFORMATION | |
| fixed length control field | 140415s2004 mx a gr 000 0 spa d |
| 040 ## - CATALOGING SOURCE | |
| Original cataloging agency | Mx-PuUPA |
| Language of cataloging | spa |
| Transcribing agency | Mx-PuUPA |
| Modifying agency | Mx-PuUPA |
| Description conventions | rda |
| 041 0# - LANGUAGE CODE | |
| Language code of text/sound track or separate title | spa |
| 245 00 - TITLE STATEMENT | |
| Title | Nayarit ... destino para invertir / |
| Statement of responsibility, etc. | coordinadores de la edición, Carlos Hernández Ibarría [y otros dos] ; redacción, Gabriel Díaz Garcilazo |
| 264 ## - PRODUCTION, PUBLICATION, DISTRIBUTION, MANUFACTURE, AND COPYRIGHT NOTICE | |
| Place of production, publication, distribution, manufacture | México : |
| Name of producer, publisher, distributor, manufacturer | Expresión e Imagen, |
| Date of production, publication, distribution, manufacture, or copyright notice | 2004 |
| 300 ## - PHYSICAL DESCRIPTION | |
| Extent | 407 páginas : |
| Other physical details | ilustraciones ; |
| Dimensions | 31 cm |
| 336 ## - CONTENT TYPE | |
| Fuente | rdacontent |
| Content type term | texto |
| Content type code | txt |
| 337 ## - MEDIA TYPE | |
| Source | rdamedia |
| Media type term | sin medio |
| Media type code | n |
| 338 ## - CARRIER TYPE | |
| Source | rdacarrier |
| Carrier type term | volumen |
| Carrier type code | nc |
| 650 #7 - SUBJECT ADDED ENTRY--TOPICAL TERM | |
| Source of heading or term | armarc |
| Topical term or geographic name entry element | Turismo |
| Geographic subdivision | Nayarit |
| -- | México |
| General subdivision | Economía |
| 700 ## - ADDED ENTRY--PERSONAL NAME | |
| Personal name | Hernández Ibarría, Carlos, |
| Relator term | coordinador |
| 9 (RLIN) | 12903 |
| 700 ## - ADDED ENTRY--PERSONAL NAME | |
| Personal name | Díaz Garcilazo, Gabriel, |
| Relator term | redactor |
| 942 ## - ADDED ENTRY ELEMENTS (KOHA) | |
| Source of classification or shelving scheme | Dewey Decimal Classification |
| Koha item type | Libro |
| Classification part | 338.47917234 |
| Item part | N33 |
| Withdrawn status | Lost status | Source of classification or shelving scheme | Damaged status | Not for loan | Collection code | Home library | Current library | Shelving location | Date acquired | Source of acquisition | Total Checkouts | Full call number | Barcode | Date last seen | Price effective from | Koha item type |
|---|---|---|---|---|---|---|---|---|---|---|---|---|---|---|---|---|
| Dewey Decimal Classification | Referencia | Biblioteca Karol Wojtyla | Biblioteca Karol Wojtyla | Área de silencio | 03/12/2013 | Compra | 338.47917234 N33 2004 | 80143 | 05/01/2026 | 18/01/2016 | Folio |